<?xml version="1.0" encoding="UTF-8"?>
<record
    xmlns:xsi="http://www.w3.org/2001/XMLSchema-instance"
    xsi:schemaLocation="http://www.loc.gov/MARC21/slim http://www.loc.gov/standards/marcxml/schema/MARC21slim.xsd"
    xmlns="http://www.loc.gov/MARC21/slim">

  <leader>01420cam a2200325 a 4500</leader>
  <controlfield tag="001">15335239</controlfield>
  <controlfield tag="003">OSt</controlfield>
  <controlfield tag="005">20231017160502.0</controlfield>
  <controlfield tag="008">900312r19801935ir            000 0 arard</controlfield>
  <datafield tag="010" ind1=" " ind2=" ">
    <subfield code="a">  2008554702</subfield>
  </datafield>
  <datafield tag="020" ind1=" " ind2=" ">
    <subfield code="a">9782745125729</subfield>
  </datafield>
  <datafield tag="035" ind1=" " ind2=" ">
    <subfield code="a">(OCoLC)ocm21203414</subfield>
  </datafield>
  <datafield tag="035" ind1=" " ind2=" ">
    <subfield code="a">(OCoLC)21203414</subfield>
  </datafield>
  <datafield tag="040" ind1=" " ind2=" ">
    <subfield code="a">OSU</subfield>
    <subfield code="c">OSU</subfield>
    <subfield code="d">DLC</subfield>
  </datafield>
  <datafield tag="042" ind1=" " ind2=" ">
    <subfield code="a">lccopycat</subfield>
  </datafield>
  <datafield tag="050" ind1="0" ind2="0">
    <subfield code="a">PJ6106</subfield>
    <subfield code="b">.H36 1980z</subfield>
  </datafield>
  <datafield tag="066" ind1=" " ind2=" ">
    <subfield code="c">(3</subfield>
  </datafield>
  <datafield tag="082" ind1=" " ind2=" ">
    <subfield code="a">492.75</subfield>
    <subfield code="b">HAS/Q</subfield>
  </datafield>
  <datafield tag="100" ind1="1" ind2=" ">
    <subfield code="a">H&#x101;shim&#x12B;, A&#x1E25;mad</subfield>
    <subfield code="6">880-01</subfield>
    <subfield code="9">9744</subfield>
  </datafield>
  <datafield tag="245" ind1="1" ind2="3">
    <subfield code="6">880-02</subfield>
    <subfield code="a">al-Qaw&#x101;&#x2BB;id al-as&#x101;s&#x12B;yah lil-Lughah al-&#x2BB;Arab&#x12B;yah hasab manhaj "matn al-Alf&#x12B;yah" li-Ibn M&#x101;lik wa-khul&#x101;&#x1E63;at al-sharr&#x101;&#x1E25; li-Ibn Hish&#x101;m wa-Ibn &#x2BB;Uqayl wa-al-Ashm&#x16B;n&#x12B; /</subfield>
    <subfield code="c">ta&#x2BC;l&#x12B;f al-Sayyid A&#x1E25;mad al-H&#x101;shim&#x12B;.</subfield>
  </datafield>
  <datafield tag="260" ind1=" " ind2=" ">
    <subfield code="a">[&#x1E6C;ahr&#x101;n? :</subfield>
    <subfield code="b">D&#x101;r al-Hijrah,</subfield>
    <subfield code="c">198-?]</subfield>
  </datafield>
  <datafield tag="300" ind1=" " ind2=" ">
    <subfield code="a">368, 16 p. ;</subfield>
    <subfield code="c">25 cm.</subfield>
  </datafield>
  <datafield tag="500" ind1=" " ind2=" ">
    <subfield code="a">Reprint of 1935 ed.</subfield>
  </datafield>
  <datafield tag="650" ind1=" " ind2="0">
    <subfield code="a">Arabic language</subfield>
    <subfield code="x">Grammar.</subfield>
  </datafield>
  <datafield tag="880" ind1="0" ind2=" ">
    <subfield code="6">100-01/(3/r&#x200F;</subfield>
    <subfield code="a">&#x200F;&#x647;&#x627;&#x634;&#x645;&#x64A;&#x60C; &#x623;&#x62D;&#x645;&#x62F;.</subfield>
  </datafield>
  <datafield tag="880" ind1="1" ind2="2">
    <subfield code="6">245-02/(3/r&#x200F;</subfield>
    <subfield code="a">&#x200F;&#x627;&#x644;&#x642;&#x648;&#x627;&#x639;&#x62F; &#x627;&#x644;&#x623;&#x633;&#x627;&#x633;&#x64A;&#x629; &#x644;&#x644;&#x63A;&#x629; &#x627;&#x644;&#x639;&#x631;&#x628;&#x64A;&#x629; &#x62D;&#x633;&#x628; &#x645;&#x646;&#x647;&#x62C; "&#x645;&#x62A;&#x646; &#x627;&#x644;&#x627;&#x641;&#x64A;&#x629;" &#x644;&#x627;&#x628;&#x646; &#x645;&#x627;&#x644;&#x643; &#x648;&#x62E;&#x644;&#x627;&#x635;&#x629; &#x627;&#x644;&#x634;&#x631;&#x627;&#x62D; &#x644;&#x627;&#x628;&#x646; &#x647;&#x634;&#x627;&#x645; &#x648;&#x627;&#x628;&#x646; &#x639;&#x642;&#x64A;&#x644; &#x648;&#x627;&#x644;&#x623;&#x634;&#x645;&#x648;&#x646;&#x64A; /&#x200F;</subfield>
    <subfield code="c">&#x200F;&#x62A;&#x623;&#x644;&#x64A;&#x641; &#x627;&#x644;&#x633;&#x64A;&#x62F; &#x623;&#x62D;&#x645;&#x62F; &#x627;&#x644;&#x647;&#x627;&#x634;&#x645;&#x64A;.</subfield>
  </datafield>
  <datafield tag="906" ind1=" " ind2=" ">
    <subfield code="a">7</subfield>
    <subfield code="b">cbc</subfield>
    <subfield code="c">copycat</subfield>
    <subfield code="d">3</subfield>
    <subfield code="e">ncip</subfield>
    <subfield code="f">20</subfield>
    <subfield code="g">y-gencatlg</subfield>
  </datafield>
  <datafield tag="942" ind1=" " ind2=" ">
    <subfield code="2">ddc</subfield>
    <subfield code="c">BK</subfield>
    <subfield code="h">492.75</subfield>
    <subfield code="i">HAS/Q</subfield>
    <subfield code="k">492.75</subfield>
    <subfield code="m">HAS/Q</subfield>
  </datafield>
  <datafield tag="952" ind1=" " ind2=" ">
    <subfield code="0">0</subfield>
    <subfield code="1">0</subfield>
    <subfield code="2">ddc</subfield>
    <subfield code="4">0</subfield>
    <subfield code="7">0</subfield>
    <subfield code="8">LANGUAGE</subfield>
    <subfield code="a">MES</subfield>
    <subfield code="b">MES</subfield>
    <subfield code="c">ARB</subfield>
    <subfield code="d">2023-10-17</subfield>
    <subfield code="l">0</subfield>
    <subfield code="o">492.75 HAS/Q</subfield>
    <subfield code="p">42946</subfield>
    <subfield code="r">2023-10-17 16:06:15</subfield>
    <subfield code="v">700.00</subfield>
    <subfield code="w">2023-10-17</subfield>
    <subfield code="y">BK</subfield>
    <subfield code="z">GR4R1</subfield>
  </datafield>
  <datafield tag="999" ind1=" " ind2=" ">
    <subfield code="c">42705</subfield>
    <subfield code="d">42705</subfield>
  </datafield>
</record>
